000
00263nam a2200097Ia 4500
008
220204s9999 xx 000 0 und d
082
_a
549
_b
IND
245
0
_a
Indian minerals: Export information
260
_a
New Delhi
_b
Ministry of foreign trade
_c
1973
942
_c
BK
999
_c
23553
_d
23553